000 01031nam a2200349 a 4500
003 AR-BaBNM
005 20251128205819.0
008 082120s2002 ||||||||||||||000 | spa||
020 _a88-7573-296-5
040 _cAR-BaBNM
100 1 _aBenucci, Antonella
245 0 0 _aLa grammatica nell'insegnamento dell'italiano a stranieri
_n1
250 _a2ª ed.
260 _aRoma
_bUniversitá per Stranieri di Siena
_bBonacci
_c1995
300 _a152 p.
_bgráfs.
490 0 _aI libri dell'arco
_vv. 4
500 _aContiene referencias bibliográficas en p. 135
650 4 _aITALIANO
650 4 _aLENGUAS ROMANCES
650 4 _aENSEÑANZA DE IDIOMAS
650 4 _aSEGUNDA LENGUA
650 4 _aACTIVIDADES DE APRENDIZAJE
650 4 _aGRAMATICA
650 4 _aENSEÑANZA DEL VOCABULARIO
650 4 _aVOCABULARIO
700 1 _aBruttini, María Serena
700 1 _aSemplici, Stefania
700 1 _aBalboni, Paolo E.
_eprologuista
800 1 _aBalboni, Paolo E.
_edirector
942 _cBK
998 _cMARTIN
999 _c12915
_d12915